000 00575nam a2200217Ia 4500
003 OSt
005 20221007083248.0
006 a|||||r|||| 00| 0
007 ta
008 221006b |||||||| |||| 00| 0 eng d
024 _a38,477
037 _cTheseses
040 _aFLL
_cFLL
_beng
041 _2eng
_aeng
100 _aTalat Fatima
_9301672
245 0 _aLegal control of cyber crimes
_b comparative study of cyber legislation of USA, UK & India
260 _c2007
300 _a533p
_ccm.
942 _cDIS
_2CC
999 _c1169434
_d1169434